000
00266nam a22001217a 4500
020
_a
8176487805
082
_a
150
100
_a
Jafar Mahmud
245
_a
Introduction to psychology
260
_a
New Delhi
_b
A.P.H publishing
_c
2004
300
_a
315p
942
_c
BK
999
_c
2871
_d
2871